[Event "TUR-ch op"]
[Site "Antalya"]
[Date "2008.02.05"]
[Round "3.53"]
[White "Tetik, Abdurrahman"]
[Black "Sahap, Abdurrahman"]
[Result "0-1"]
[WhiteElo "1563"]
[BlackElo "1679"]
[PlyCount "148"]
[EventDate "2008.02.04"]
[EventType "swiss"]
[EventRounds "11"]
[EventCountry "TUR"]
[SourceTitle "CBM 122 Extra"]
[Source "ChessBase"]
[SourceDate "2008.03.04"]
[SourceVersion "1"]
[SourceVersionDate "2008.03.04"]
[SourceQuality "1"]

1. e4 c5 2. Nf3 Nc6 3. d4 cxd4 4. Nxd4 Nf6 5. Nc3 a6 6. Be2 d6 7. Be3 Nxd4 8. Qxd4 e5 9. Qd3 Be6 10. Bg5 Be7 11. Rd1 Qb6 12. Bxf6 Bxf6 13. Qxd6 Qxb2 14. Nd5 Bxd5 15. Qxd5 Rd8 16. Qb3 Rxd1+ 17. Bxd1 Qd4 18. 0-0 b5 19. Qa3 Qb6 20. c4 Be7 21. Qg3 Qf6 22. cxb5 axb5 23. Qb3 b4 24. Qa4+ Kf8 25. Qa8+ Bd8 26. Bb3 g6 27. Qb8 Qe7 28. Rd1 Kg7 29. Qb5 Rf8 30. Rd7 Qf6 31. Qxb4 Bb6 32. Qd2 Bd4 33. h3 Qc6 34. Rd5 f5 35. Rxd4 exd4 36. Qxd4+ Qf6 37. e5 Qe7 38. e6+ Kh6 39. Qd7 Qxd7 40. exd7 Rd8 41. Ba4 Kg7 42. Bb5 Kf7 43. Kf1 Ke7 44. Ke2 Rb8 45. a4 Rb6 46. Kd3 Rd6+ 47. Kc3 Kd8 48. a5 Kc7 49. Kc4 Rd2 50. Kb4 Rxf2 51. a6 Rd2 52. Kc5 Rxg2 53. Bc4 Rg1 54. Bb5 Rd1 55. Bc6 Ra1 56. Bb5 f4 57. d8Q+ Kxd8 58. Kb6 Kc8 59. a7 Rxa7 60. Kxa7 Kc7 61. Ka6 Kd6 62. Kb6 Ke5 63. Kc5 f3 64. Bd3 f2 65. Kc4 Kf4 66. Kd4 h5 67. Bf1 g5 68. Kd3 Kf3 69. Kd2 g4 70. hxg4 hxg4 71. Bc4 Kg2 72. Bd5+ Kg1 73. Bc4 g3 74. Ke3 f1Q 0-1